|
|
|
|
| LEADER |
00000nam0a2200000 4500 |
| 001 |
149330 |
| 005 |
20231031145819.0 |
| 010 |
|
|
|a 5080019964
|
| 035 |
|
|
|a (RuTPU)RU\TPU\book\161886
|
| 035 |
|
|
|a RU\TPU\book\135669
|
| 090 |
|
|
|a 149330
|
| 100 |
|
|
|a 20081215g1987 c y0rusy5003 ca
|
| 101 |
0 |
|
|a rus
|
| 102 |
|
|
|a RU
|
| 105 |
|
|
|a a z 000ay
|
| 200 |
1 |
|
|a Сказки народов мира
|e В 10 т. : Для детей
|f науч. рук. изд. В. П. Аникин
|
| 210 |
|
|
|a Москва
|c Детская литература
|d 1987-
|
| 702 |
|
1 |
|a Аникин
|b В. П.
|g Владимир Прокопьевич
|4 727
|
| 801 |
|
0 |
|a RU
|b RuMRKP
|c 19950413
|g psbo
|
| 801 |
|
1 |
|a RU
|b 63413507
|c 20071115
|g PSBO
|
| 801 |
|
2 |
|a RU
|b 63413507
|c 20081215
|g PSBO
|
| 942 |
|
|
|c BK
|